Identidad étnica y nacional en Bolivia a finales del siglo XX /
সংরক্ষণ করুন:
| প্রধান লেখক: | |
|---|---|
| বিন্যাস: | পাঠ্য |
| বিষয়গুলি: | |
| ট্যাগগুলো: |
ট্যাগ যুক্ত করুন
কোনো ট্যাগ নেই, প্রথমজন হিসাবে ট্যাগ করুন!
|
MARC
| LEADER | 00000 a a2200000 04500 | ||
|---|---|---|---|
| 001 | 43363 | ||
| 003 | |||
| 040 | |||
| 100 | |a Makaran, Gaya | ||
| 245 | |a Identidad étnica y nacional en Bolivia a finales del siglo XX / |c Gaya Makaran | ||
| 650 | |a ASPECTOS SOCIALES/CULTURA/IDENTIDAD CULTURAL/ETNICIDAD/MOVIMIENTOS SOCIALES/POBLACION INDIGENA/BOLIVIA | ||
| 773 | |g número46 ( , 2008), páginas 41-77 | ||
| 999 | |c 31057 |d 31057 | ||
